000 00240nam a2200097Ia 4500
005 20250424112851.0
008 250424s9999 xx 000 0 und d
300 _avii. 236 p. ill. ; 28 cm.
650 _acommunication development
942 _cSR
999 _c37592
_d37592